000 00495nam a22001697a 4500
005 20240816072714.0
008 240816b |||||||| |||| 00| 0 eng d
020 _a0406989850
041 _aEnglish
082 _a349 ALL
100 _lEnglish
245 _aThe All England Law Reports: Annual Review 1998
260 _aLondon:
_bButterworth and Company Ltd,
_c1999
300 _bxxxix, 546 pages;
_c25 cm.
650 _aLegal practice
_bLaw
942 _cBK
_6ALISON_BN_VRIES
999 _c2590
_d2590